Japanese words hiragana 2 - Statistics

General Stats
  • This quiz has been taken 7 times
  • The average score is 15 of 27
Answer Stats
Hint Answer % Correct
next つぎ
100%
scary こわい
100%
fun たのしい
100%
over there あそこ
100%
interesting おもしろい
75%
sweet あまい
75%
this week こんしゅう
75%
children こども
75%
fast はやい
75%
face かお
75%
museum はくぶつかん
50%
boring つまらない
50%
pork ぶたにく
50%
entrance いりぐち
50%
adult おとな
50%
tall たかい
50%
yellow きいろい
50%
a lot of たくさん
50%
what kind どんな
50%
stuff もの
50%
flavor あじ
50%
question しつもん
25%
lovely すてき
25%
favorite すきな
25%
love がだいすき
25%
salty しょっぱい
0%
which どの
0%
No matching quizzes found
Score Distribution
Percent of People with Each Score
Percentile by Number Answered
Your Score History
You have not taken this quiz